Text book of Soil Mechanics / (Record no. 8920)
[ view plain ]
| 000 -LEADER | |
|---|---|
| fixed length control field | 00400cam a2200157ua 4500 |
| 003 - CONTROL NUMBER IDENTIFIER | |
| control field | OSt |
| 008 - FIXED-LENGTH DATA ELEMENTS--GENERAL INFORMATION | |
| fixed length control field | 250505b |||||||| |||| 00| 0 eng d |
| 020 ## - INTERNATIONAL STANDARD BOOK NUMBER | |
| ISBN | 8123901232 |
| 082 ## - DEWEY DECIMAL CLASSIFICATION NUMBER | |
| Classification number | 624.15136 |
| Item number | SEH/TE |
| 100 ## - MAIN ENTRY--AUTHOR NAME | |
| Personal name | Sehgal, S B . |
| 245 ## - TITLE STATEMENT | |
| Title | Text book of Soil Mechanics / |
| 250 ## - EDITION STATEMENT | |
| Edition statement | 1/3 |
| 260 ## - PUBLICATION, DISTRIBUTION, ETC. (IMPRINT) | |
| Place of publication | New Delhi : |
| Name of publisher | C B S Publishers & Distributers , |
| Year of publication | 2011 |
| 300 ## - PHYSICAL DESCRIPTION | |
| Number of Pages | 572 ; . |
| 942 ## - ADDED ENTRY ELEMENTS (KOHA) | |
| Koha item type | Books |
| Withdrawn status | Lost status | Damaged status | Home library | Current library | Date acquired | Full call number | Accession Number | Koha item type | Collection code | Shelving location | Source of acquisition | Cost, normal purchase price |
|---|---|---|---|---|---|---|---|---|---|---|---|---|
| Withdrawn | KAUAET | KAUAET | 09/03/1987 | 624.15136 SEH/TE | 15987 | Books | ||||||
| KAUAET | KAUAET | 07/04/2012 | 624.15136 SEH/TE | 19434 | Books | |||||||
| KAUAET | KAUAET | 25/06/2016 | 624.15136 SEH/TE | 23919 | Books | General Stacks | Current Books (India) Pvt. Ltd,Kottayam | 250.00 |
